Geometry Dash Portals By Picture - Statistics

General Stats
  • This quiz has been taken 518 times
  • The average score is 17 of 22
Answer Stats
Picture Answer % Correct
Speed (2x)
96%
Speed (4x)
92%
Ball
88%
UFO
87%
Mirror (Left)
85%
Speed (Normal)
84%
Speed (3x)
77%
Spider
77%
Robot
76%
Size (Small)
76%
Cube
74%
Gravity (Upside Down)
74%
Ship
74%
Teleport (Into)
73%
Wave
73%
Gravity (Right-Side Up)
72%
Mirror (Right)
72%
Size (Big)
72%
Speed (0.5x)
72%
Dual (One)
70%
Dual (Two)
70%
Teleport (Out Of)
69%
No matching quizzes found
Score Distribution
Percent of People with Each Score
Percentile by Number Answered
Your Score History
You have not taken this quiz